| 000 | 00980cam a22003257a 4500 | ||
|---|---|---|---|
| 003 | CHAP | ||
| 005 | 20220329141416.0 | ||
| 008 | 971013s1973 r 00010 d | ||
| 010 | _a67711 | ||
| 011 | _a68683 | ||
| 035 | _a78156 | ||
| 040 | _cCHAP | ||
| 082 |
_a029.5 _bG55 |
||
| 100 | 0 | 0 |
_aGilchrist, Alan. _947983 |
| 245 | 1 | 2 | _aA compressed term index language for library and information science |
| 260 |
_aLondon : _bAslib, _c1973 |
||
| 300 | _a123 p. | ||
| 500 | _a25-91 | ||
| 590 |
_aBATCH-UPD _b10 _c20130110 _lUCH01 _h0540 |
||
| 590 |
_aBATCH-UPD _b10 _c20130410 _lUCH01 _h0221 |
||
| 590 |
_aBATCH-UPD _b10 _c20130914 _lUCH01 _h0933 |
||
| 590 |
_aCONVERSION _b10 _c20130109 _lUCH01 _h1337 |
||
| 650 | 1 | 4 |
_aCiencia de la información _xTerminología. _923141 |
| 650 | 1 | 4 |
_aIndización. _957676 |
| 650 | 1 | 4 |
_aTesauros. _9112457 |
| 700 | 0 |
_aGaster, Kathleen. _947244 |
|
| 901 | _aBK | ||
| 942 | _cLIBRO | ||
| 949 |
_a029.5 G55 _bBC _cLIBRO _d-31030 _eLIBRO _h73660 _i78156 _mD _si |
||
| 999 |
_c67711 _d67711 |
||